[Event "Lille Luce op 3rd"]
[Site "Lille"]
[Date "2012.04.27"]
[Round "6"]
[White "Lebon, Joffrey"]
[Black "Podvin, Celine"]
[Result "1-0"]
[WhiteElo "1994"]
[BlackElo "1464"]
[PlyCount "41"]
[EventDate "2012.04.23"]
[EventType "swiss"]
[EventRounds "8"]
[EventCountry "FRA"]
[SourceTitle "CBM 148 Extra"]
[Source "ChessBase"]
[SourceDate "2012.06.22"]
[SourceVersion "1"]
[SourceVersionDate "2012.06.22"]
[SourceQuality "1"]

1. e4 e5 2. Nf3 Nc6 3. Bb5 d6 4. d4 Bd7 5. 0-0 Nf6 6. Nc3 a6 7. Bxc6 Bxc6 8. dxe5 Nxe4 9. Nxe4 Bxe4 10. exd6 Bxd6 11. Ng5 f5 12. Nxe4 fxe4 13. Qh5+ g6 14. Qg4 c6 15. Qxe4+ Kd7 16. Rd1 Kc7 17. Bf4 Qf6 18. Rxd6 Qxb2 19. Rxc6+ Kd7 20. Rd1+ Qd4 21. Rxd4# 1-0